| 000 | 00971nam a22002417a 4500 | ||
|---|---|---|---|
| 003 | BD-DhUL | ||
| 005 | 20220605144014.0 | ||
| 008 | 160114s1995 bbg |||| |||| 00| 0 | | ||
| 020 | _a9843001648 (hbk) | ||
| 040 |
_aBD-DhUL _cBD-DhUL |
||
| 082 |
_a891.444 _bMRI |
||
| 245 | 0 | 0 |
_aমৃতুঞ্জয়ী মুজিব / _cসম্পাদনায় এস. এ. মালেক ...[et al.]. |
| 260 |
_aঢাকা : _bবঙ্গবন্ধু পরিষদ, _c১৯৯৫ । |
||
| 300 |
_a[৮], ১৪৩ পৃ. ; _c২২ সেমি. |
||
| 365 |
_aBDT _b120.00 |
||
| 650 | 4 | _aবাংলা প্রবন্ধ । | |
| 650 | 4 | _aBengali fiction. | |
| 700 | 1 |
_aমালেক, এস. এ. _eসম্পা. |
|
| 700 | 1 |
_aআহমদ, সৈয়দ _eসম্পা. |
|
| 700 | 1 |
_aআবু সাইয়িদ _eসম্পা. |
|
| 700 | 1 |
_aসরকার, মোনায়েম _eসম্পা. |
|
| 942 |
_2ddc _cBK |
||
| 999 |
_c255196 _d255196 |
||